Código civil anotado: concordancias, jurisprudencia, orígenes
Saved in:
| Hovedforfatter: | |
|---|---|
| Format: | Bog |
| Sprog: | spansk |
| Udgivet: |
Santiago
Albatros
1968
|
| Fag: | |
| Tags: |
Tilføj Tag
Ingen Tags, Vær først til at tagge denne postø!
|
MARC
| LEADER | 00000nam a2200000 a 4500 | ||
|---|---|---|---|
| 001 | UCS3648 | ||
| 003 | CL-VaPUC | ||
| 008 | 970704e19680000CL |||||||||||||||||spa|d | ||
| 082 | 0 | 4 | |a 346.83 |b OTE |2 21 |
| 100 | |a Otero Lathrop, José A. |e autor |9 389879 | ||
| 245 | 1 | 0 | |a Código civil anotado: concordancias, jurisprudencia, orígenes |
| 300 | |a 8 v | ||
| 942 | |c BK | ||
| 945 | |d 19970704 00:00:00 |a lriquelm | ||
| 260 | |a Santiago |b Albatros |c 1968 | ||
| 650 | 0 | |a Código civil |9 256135 | |
| 650 | 0 | |a Derecho civil |9 255013 | |
| 650 | 7 | |a LEGISLACION |2 CL-VaPUC |9 389853 | |
| 650 | 0 | |a Jurisprudencia |9 255952 | |
| 651 | 7 | |a CHILE |2 CL-VaPUC |9 389854 | |
| 583 | |a last modification |c 19970704 00:00:00 |k Rodrigo Vera | ||
| 999 | |c 261284 |d 261282 | ||
| 952 | |0 0 |1 0 |4 0 |6 346_830000000000000_OTE_1968 |7 0 |8 A |9 288583 |a BIBDER |b BIBDER |d 2019-11-19 |h v.1 |i 1868861 |o 346.83 OTE 1968 |p 1868861 |r 2023-01-25 |w 2019-11-19 |y BK |k DER | ||
| 952 | |0 0 |1 0 |4 0 |6 346_830000000000000_OTE_1968 |7 0 |8 A |9 288584 |a BIBDER |b BIBDER |d 2019-11-19 |h v.2 |i 186887K |o 346.83 OTE 1968 |p 186887K |r 2023-01-25 |w 2019-11-19 |y BK |k DER | ||
| 952 | |0 0 |1 0 |4 0 |6 346_830000000000000_OTE_1968 |7 0 |8 A |9 288585 |a BIBDER |b BIBDER |d 2019-11-19 |h v.3 |i 1868888 |o 346.83 OTE 1968 |p 1868888 |r 2023-01-25 |w 2019-11-19 |y BK |k DER | ||
| 952 | |0 0 |1 0 |4 0 |6 346_830000000000000_OTE_1968 |7 0 |8 A |9 288586 |a BIBDER |b BIBDER |d 2019-11-19 |h v.4 |i 1868896 |o 346.83 OTE 1968 |p 1868896 |r 2023-01-25 |w 2019-11-19 |y BK |k DER | ||
| 952 | |0 0 |1 0 |4 0 |6 346_830000000000000_OTE_1968 |7 0 |8 A |9 288588 |a BIBDER |b BIBDER |d 2019-11-19 |h v.5 |i 1868918 |o 346.83 OTE 1968 |p 1868918 |r 2023-01-25 |w 2019-11-19 |y BK |k DER | ||
| 952 | |0 0 |1 0 |4 0 |6 346_830000000000000_OTE_1968 |7 0 |8 A |9 288589 |a BIBDER |b BIBDER |d 2019-11-19 |h v.6 |i 1868926 |o 346.83 OTE 1968 |p 1868926 |r 2023-01-25 |w 2019-11-19 |y BK |k DER | ||
| 952 | |0 0 |1 0 |4 0 |6 346_830000000000000_OTE_1968 |7 0 |8 A |9 288590 |a BIBDER |b BIBDER |d 2019-11-19 |h v.7 |i 1868934 |o 346.83 OTE 1968 |p 1868934 |r 2023-01-25 |w 2019-11-19 |y BK |k DER | ||
| 952 | |0 0 |1 0 |4 0 |6 346_830000000000000_OTE_1968 |7 0 |8 A |9 288591 |a BIBDER |b BIBDER |d 2019-11-19 |h v.8 |i 1868942 |o 346.83 OTE 1968 |p 1868942 |r 2023-01-25 |w 2019-11-19 |y BK |k DER | ||